000 00640nam a2200205Ia 4500
001 22488
003 GE_BSU
008 181216s||||||||xx |||||||||||||| ||und||
040 _cGE_BSU
245 _aНовая и новейшая история №2 Март-Апрель 2018
245 _cГлавный ред:В.В Согрин, и др.
260 _aМосква
260 _c2018
300 _a224 стр. 26см.
653 _aИстория
653 _aНовая и новейшая история №2 Март-Апрель 2018
653 _aПериодика
653 _aპერიოდიკა
942 _cCR
999 _c55407
_d55407